| Tag |
First Indicator |
Second Indicator |
Subfields |
| LEADER |
00000cam a2200000 i 4500 |
| 001 |
in00005713521 |
| 005 |
20260319162527.9 |
| 006 |
m o d |
| 007 |
cr |n||||||||| |
| 008 |
160926s2016 ii abf ob 001 0 eng d |
| 040 |
|
|
|a YDX
|b eng
|e rda
|e pn
|c YDX
|d OH1
|d IOG
|d STBDS
|d UPM
|d OCLCF
|d CEF
|d KSU
|d OCLCA
|d INT
|d OTZ
|d OCLCQ
|d WYU
|d OCLCQ
|d K6U
|d OCLCO
|d OCLCQ
|d SFB
|d OCLCQ
|d OCLCO
|d OCLCL
|
| 019 |
|
|
|a 961007609
|a 965431323
|
| 020 |
|
|
|a 9780199086986
|q (electronic bk.)
|
| 020 |
|
|
|a 0199086982
|q (electronic bk.)
|
| 020 |
|
|
|z 9780199461172
|q (print)
|
| 020 |
|
|
|z 0199461171
|
| 035 |
|
|
|a (OCoLC)957598472
|z (OCoLC)961007609
|z (OCoLC)965431323
|
| 043 |
|
|
|a a-ii---
|
| 050 |
|
4 |
|a HV640.4.I4
|b D37 2016
|
| 082 |
0 |
4 |
|a 325.210954
|2 23
|
| 049 |
|
|
|a TXAM
|
| 100 |
1 |
|
|a Dasgupta, Abhijit,
|e author.
|
| 245 |
1 |
0 |
|a Displacement and exile :
|b the state-refugee relations in India /
|c Abhijit Dasgupta.
|
| 264 |
|
1 |
|a New Delhi, India :
|b Oxford University Press,
|c 2016.
|
| 300 |
|
|
|a 1 online resource (xix, 233 pages, 6 leaves of plates) :
|b illustrations (black and white), maps (black and white)
|
| 336 |
|
|
|a text
|b txt
|2 rdacontent
|
| 337 |
|
|
|a computer
|b c
|2 rdamedia
|
| 338 |
|
|
|a online resource
|b cr
|2 rdacarrier
|
| 504 |
|
|
|a Includes bibliographical references (pages 217-226) and index.
|
| 588 |
0 |
|
|a Print version record.
|
| 520 |
8 |
|
|a The lack of knowledge of cross-border displacement is a serious problem in our understanding of the societies of South Asia. Millions of people have been affected by cross-border displacement. We know far too little about the displacement, about the lives in exile. This study examines the complex relations between the state and the displaced in the Indian states of West Bengal and Tamil Nadu.
|
| 650 |
|
0 |
|a Refugees
|x Government policy
|z India.
|
| 650 |
|
0 |
|a Bengali (South Asian people)
|x Government policy
|z India.
|
| 650 |
|
0 |
|a Bangladeshis
|x Government policy
|z India.
|
| 650 |
|
0 |
|a Tamil (Indic people)
|x Government policy
|z India.
|
| 650 |
|
0 |
|a Sri Lankans
|x Government policy
|z India.
|
| 650 |
|
6 |
|a Réfugiés
|x Politique gouvernementale
|z Inde.
|
| 650 |
|
6 |
|a Bengali (Peuple d'Asie méridionale)
|x Politique gouvernementale
|z Inde.
|
| 650 |
|
6 |
|a Bangladeshis
|x Politique gouvernementale
|z Inde.
|
| 650 |
|
6 |
|a Tamouls
|x Politique gouvernementale
|z Inde.
|
| 650 |
|
6 |
|a Sri-Lankais
|x Politique gouvernementale
|z Inde.
|
| 650 |
|
7 |
|a Refugees
|x Government policy
|2 fast
|
| 650 |
|
7 |
|a Tamil (Indic people)
|x Government policy
|2 fast
|
| 651 |
|
7 |
|a India
|2 fast
|1 https://id.oclc.org/worldcat/entity/E39PBJmdx47cDXrRhBXHtbvPwC
|
| 655 |
|
7 |
|a Electronic books.
|2 local
|
| 758 |
|
|
|i has work:
|a Displacement and exile (Text)
|1 https://id.oclc.org/worldcat/entity/E39PCFyCgpf7YwWqprpQd86jbq
|4 https://id.oclc.org/worldcat/ontology/hasWork
|
| 776 |
0 |
8 |
|i Print version:
|a Dasgupta, Abhijit.
|t Displacement and exile.
|d New Delhi, India : Oxford University Press, 2016
|z 9780199461172
|z 0199461171
|w (DLC) 2016330147
|w (OCoLC)952216623
|
| 856 |
4 |
0 |
|u http://proxy.library.tamu.edu/login?url=https://academic.oup.com/book/25614
|z Connect to the full text of this electronic book
|t 0
|
| 955 |
|
|
|a Oxford Scholarship Online
|
| 994 |
|
|
|a 92
|b TXA
|
| 999 |
f |
f |
|i 878c207f-1f09-4659-890c-edeffb352fc4
|s 7f79b759-7c9d-404a-bfde-11959b1d15a5
|t 0
|
| 952 |
f |
f |
|a Texas A&M University
|b College Station
|c Electronic Resources
|s www_evans
|d Available Online
|t 0
|e HV640.4.I4 D37 2016
|h Library of Congress classification
|
| 998 |
f |
f |
|a HV640.4.I4 D37 2016
|t 0
|l Available Online
|